Practical Optimization : Algorithms and Engineering Applications /
Contiene: 1) El problema de la optimización; 2) Principios básicos; 3) Propiedades generales de los algoritmos; 4) Optimización unidimensional; 5) Métodos básicos de gradiente multidimensionales; 6) Métodos de dirección de conjugados; 7) Métodos cuasi-newtonianos; 8) Métodos minimax; 9) Aplicaciones...
Zapisane w:
| 1. autor: | |
|---|---|
| Kolejni autorzy: | |
| Format: | Książka |
| Język: | angielski |
| Wydane: |
Nueva York, EUA :
Springer,
2021, c2021
|
| Wydanie: | 2a edición |
| Seria: | (Texts in Computer Science)
|
| Hasła przedmiotowe: | |
| Dostęp online: | Ver documento en línea |
| Etykiety: |
Nie ma etykietki, Dołącz pierwszą etykiete!
|
MARC
| LEADER | 00000nam^a2200000^a^4500 | ||
|---|---|---|---|
| 001 | 000630798 | ||
| 005 | 20260414171911.0 | ||
| 009 | 20260414195531.244 | ||
| 020 | |a 978-1-0716-0843-2 | ||
| 037 | |a Acervo ITESO - Biblioteca | ||
| 041 | |a ING | ||
| 082 | |a 519. 3 |b ANT | ||
| 100 | |a Antoniou, Andreas |e (autor) | ||
| 245 | 1 | 0 | |a Practical Optimization : |b Algorithms and Engineering Applications / |c A. Antoniou, W.S. Lu. |
| 250 | |a 2a edición | ||
| 264 | 4 | |a Nueva York, EUA : |b Springer, |c 2021, c2021 | |
| 264 | 2 | |a Cham, Suiza : |b Springer Link [distribución], |c 2026, c2026 | |
| 300 | |a 1 libro electrónico en línea (XXIV, 721 p.) | ||
| 300 | |a 1 recurso en línea | ||
| 336 | |a datos para computadora |b cod |2 rdacontenido | ||
| 337 | |a computadora |b c |2 rdamedio | ||
| 338 | |a recurso en línea |b cr |2 rdasoporte | ||
| 440 | 1 | |a (Texts in Computer Science) | |
| 506 | 0 | |a Licencias ilimitadas | |
| 520 | |a Contiene: 1) El problema de la optimización; 2) Principios básicos; 3) Propiedades generales de los algoritmos; 4) Optimización unidimensional; 5) Métodos básicos de gradiente multidimensionales; 6) Métodos de dirección de conjugados; 7) Métodos cuasi-newtonianos; 8) Métodos minimax; 9) Aplicaciones de la optimización sin restricciones; 10) Fundamentos de la optimización con restricciones; 11) Programación lineal, parte I: el método del simplex; 12) Programación lineal, parte II: Métodos de puntos interiores; 13) Programación cuadrática, semidefinida y de cono de segundo orden; 14) Algoritmos para problemas convexos generales; 15) Algoritmos para problemas no convexos generales; 16) Aplicaciones de la optimización con restricciones. | ||
| 521 | |a 2025 BO Licenciatura en Ingeniería en Nanotecnología | ||
| 649 | |a XX | ||
| 650 | |a Programación Lineal | ||
| 650 | |a Programación Convexa | ||
| 650 | |a Programación (Matemáticas) | ||
| 650 | |a Algoritmos | ||
| 650 | |a Programación Lineal | ||
| 650 | |a Optimización Matemática - |x Tema Principal | ||
| 650 | |a Análisis Matemático | ||
| 650 | |a Optimización | ||
| 700 | |a Lu, Wu-Sheng |e (autor) | ||
| 856 | 4 | 0 | |u https://link-springer-com.ezproxy.iteso.mx/10.1007/978-1-0716-0843-2 |y Ver documento en línea |
| 910 | |a Fondo General | ||
| 920 | |a Electrónicos - Libros en Línea | ||
| 930 | |a Plataforma Digital | ||
| 905 | |a 205 | ||
| 902 | |a https://opac.biblio.iteso.mx/vufind/Record/000630798 | ||